000 00435nam a22001697a 4500
999 _c8771
_d8771
003 GBCCL
005 20241126110658.0
008 211001b ||||| |||| 00| 0 eng d
040 _cgbc
082 _a920
_bHAN
100 _aHangzo, Thuamson
_915430
245 _aThuamson Hangzo:
_bmemoirs of an unsung hero /
260 _aManipur:
_bRev Dr Khen P Tombing,
_c2020.
300 _a124p.
650 _aBiography
_91717
942 _2ddc
_cBK